| 000 | 00660nam a2200181 a 4500 | ||
|---|---|---|---|
| 005 | 20240612063905.0 | ||
| 008 | 991125s1889 mx 000 0 spa u | ||
| 035 | _aUPN01000018950 | ||
| 049 | _aLT | ||
| 050 | 4 |
_aLB1582 M6 _bS5.3 1899 |
|
| 100 | 1 |
_aSierra, Justo, _d1848-1912 _928551 |
|
| 245 | 1 | 0 |
_aElementos de historia general para las escuelas primarias / _cpor Justo Sierra. |
| 260 |
_aMéjico : _bLibrería de las Esc. de J. Urías, _c1889. |
||
| 300 | _a177 p. | ||
| 500 | _a"Texto adoptado para instrucción primaria superior por el Ministerio de Instrucción Pública" | ||
| 650 | 4 |
_aHistoria _xEstudio y enseñanza (Elemental) _92803 |
|
| 905 | _aLibro | ||
| 999 |
_c18950 _d18950 |
||